000 00766nam a2200217Ia 4500
003 GCL
008 140319s9999 xx 000 0 ara d
020 _a2100107977
040 _aGCL /
_cGCL
082 0 4 _a332.6322
_bم ا
100 1 _aمحمد عثمان اسماعيل حميد
245 1 0 _aاسواق راس المال وبورصة الاوراق المالية ومصادر تموبل مشروعات الاعمال /
_cمحمد عثمان اسماعيل حميد
260 _a[S.N] :
_bدار النهضة العربية ،
_c1993
300 _a396 ص ؛
_c24 سم
490 _a
650 0 4 _aالاوراق المالية
650 0 4 _aالمشروعات
650 0 4 _aراس المال
650 0 4 _aمصادر التمويل
942 _2ddc
_cBK
999 _c37124
_d37124